<?xml version="1.0" encoding="UTF-8"?>
<collection xmlns="http://www.loc.gov/MARC21/slim">
 <record>
  <leader>00485nam a22001695a 4500</leader>
  <controlfield tag="001">EHU.bham051233</controlfield>
  <controlfield tag="008">230224s1997####ag############000#0#####d</controlfield>
  <controlfield tag="005">20230224104920.0</controlfield>
  <datafield tag="245" ind1="1" ind2="0">
   <subfield code="a">Lupe /</subfield>
   <subfield code="c">Silvia Miguens.</subfield>
  </datafield>
  <datafield tag="260" ind1=" " ind2=" ">
   <subfield code="a">Buenos Aires :</subfield>
   <subfield code="b">Tusquets,</subfield>
   <subfield code="c">1997.</subfield>
  </datafield>
  <datafield tag="300" ind1=" " ind2=" ">
   <subfield code="a">294 p.</subfield>
  </datafield>
  <datafield tag="100" ind1="1" ind2=" ">
   <subfield code="a">Miguens, Silvia.</subfield>
  </datafield>
  <datafield tag="082" ind1="8" ind2="6">
   <subfield code="a">A863.4 M588</subfield>
  </datafield>
  <datafield tag="653" ind1=" " ind2=" ">
   <subfield code="a">Novela argentina</subfield>
  </datafield>
  <datafield tag="653" ind1=" " ind2=" ">
   <subfield code="a">Literatura argentina</subfield>
  </datafield>
  <datafield tag="653" ind1=" " ind2=" ">
   <subfield code="a">Colección Villar</subfield>
  </datafield>
  <datafield tag="859" ind1=" " ind2=" ">
   <subfield code="a">AR-BHAM</subfield>
   <subfield code="b">BIB. HUMANIDADES - General</subfield>
   <subfield code="h">A863.4</subfield>
   <subfield code="i">M588</subfield>
   <subfield code="p">62.23</subfield>
  </datafield>
 </record>
</collection>
